header

Foreign participation in U.S. research and development (Record no. 158563)

MARC details
000 -LEADER
fixed length control field 01721nam a2200373 a 4500
082 04 - DEWEY DECIMAL CLASSIFICATION NUMBER
Classification number 332.6/73/0973
245 00 - TITLE STATEMENT
Title Foreign participation in U.S. research and development
260 ## - PUBLICATION, DISTRIBUTION, ETC. (IMPRINT)
Place of publication Washington, D.C. :
Name of publisher National Academy Press,
Year of publication 1996.
300 ## - PHYSICAL DESCRIPTION
Number of Pages viii, 194 p. :
Other physical details ill., map.
490 1# - SERIES STATEMENT
Series statement Series on prospering in a global economy
650 #0 - SUBJECT ADDED ENTRY--TOPICAL TERM
Topical Term Investments, Foreign
Topical Term Research, Industrial
700 1# - ADDED ENTRY--PERSONAL NAME
Personal name Reid, Proctor P.
Personal name Schriesheim, Alan.
856 40 - ELECTRONIC LOCATION AND ACCESS
Uniform Resource Identifier http://site.ebrary.com/lib/rucke/Doc?id=10041110

No items available.

© 2026 Rongo University
Contact us: librarian | system librarian | Rongo university